000
00246nam a2200097Ia 4500
001
639995
005
20250826153438.0
008
250824s9999 xx 000 0 und d
245
0
_a
DAĞDA MACERA 5/E BLYTON/ARTEMİS
_c
ENID BLYTON
260
_b
ARTEMİS
999
_c
639995
_d
639995